TIBETAN BOOK OF LIVING AND DYING (Record no. 12987)

MARC details
000 -LEADER
fixed length control field 00311nam a2200121Ia 4500
008 - FIXED-LENGTH DATA ELEMENTS--GENERAL INFORMATION
fixed length control field 240624s9999 xx 000 0 und d
041 ## - LANGUAGE CODE
Language code of text/sound track or separate title eng
082 ## - DEWEY DECIMAL CLASSIFICATION NUMBER
Classification number 200 RIN
100 ## - MAIN ENTRY--PERSONAL NAME
Personal name RINPOCHE SOGYAL
245 ## - TITLE STATEMENT
Title TIBETAN BOOK OF LIVING AND DYING
260 ## - PUBLICATION, DISTRIBUTION, ETC.
Date of publication, distribution, etc. 2002
Place of publication, distribution, etc. London
Name of publisher, distributor, etc. Rider Books
300 ## - PHYSICAL DESCRIPTION
Extent 441 : p. : cm. ; 20
Holdings
Withdrawn status Lost status Damaged status Not for loan Home library Current library Shelving location Date acquired Full call number Barcode Date last seen Price effective from Koha item type
        IMTN IMTN Rack 4-A 04/02/2009 200 RIN 12987 06/24/2024 06/24/2024 Books
Designed & Maintained by: LRC IMT Nagpur Contact: lrc@imtnag.ac.in© 2024. All Rights Reserved.